Southville International School and Colleges
Your cart is empty.
  • Cart
  • Lists
    Public lists Eva Luna New books Lux_list list_1
    Your lists Log in to create your own lists
  • Log in to your account
  • Your cookies
  • Search history
Southville International School and Colleges
  • Advanced search
  • Recent comments
  • Most popular
  • Libraries

Log in to your account

Log in with GOOGLE


If you do not have an external account, but do have a local account, you can still log in:

  1. Home
  2. MARC view: Teaching history with film :
Normal view MARC view ISBD view

Teaching history with film : (Record no. 39690)

[ view plain ]
MARC details
000 -LEADER
fixed length control field 00725nam a2200205 a 4500
003 - CONTROL NUMBER IDENTIFIER
control field PILC
005 - DATE AND TIME OF LATEST TRANSACTION
control field 20160220084921.0
008 - FIXED-LENGTH DATA ELEMENTS--GENERAL INFORMATION
fixed length control field 111111s19uu xx 00 eng d
020 ## - INTERNATIONAL STANDARD BOOK NUMBER
International Standard Book Number 9780415999564
050 ## - LIBRARY OF CONGRESS CALL NUMBER
Classification number D 16.255.A8
Item number .T44 2010
100 ## - MAIN ENTRY--PERSONAL NAME
Personal name Marcus, Alan S.
245 ## - TITLE STATEMENT
Title Teaching history with film :
Remainder of title strategies for secondary social studies /
Statement of responsibility, etc Alan S. Marcus, Scott Alan Metzger, Richard J. Paxton, Jeremy D. Stoddard.
260 ## - PUBLICATION, DISTRIBUTION, ETC. (IMPRINT)
Place of publication, distribution, etc New York :
Name of publisher, distributor, etc Routledge,
Date of publication, distribution, etc 2010.
300 ## - PHYSICAL DESCRIPTION
Extent 198 pages :
Dimensions 26 cm.
Other physical details illustrations ;
500 ## - GENERAL NOTE
General note Includes index.
650 ## - SUBJECT ADDED ENTRY--TOPICAL TERM
Topical term or geographic name as entry element History
General subdivision Study and teaching (Secondary)
-- Audio-visual aids.
650 ## - SUBJECT ADDED ENTRY--TOPICAL TERM
Topical term or geographic name as entry element Motion pictures in education.
942 ## - ADDED ENTRY ELEMENTS (KOHA)
Koha item type Books
Source of classification or shelving scheme Library of Congress Classification
Call number prefix Foreign
Holdings
Withdrawn status Lost status Source of classification or shelving scheme Damaged status Home library Current library Shelving location Date acquired Source of acquisition Cost, normal purchase price Total Checkouts Full call number Barcode Date last seen Copy number Price effective from Koha item type
    Library of Congress Classification   College Library College Library General Circulation Section 11/11/2011 Library Fund 2882.00   D 16.255.A8 .T44 2010 C12461 05/15/2018 1 10/18/2013 Books

Teaching history with film :

APA

Marcus A. S., . (2010). Teaching history with film. New York: Routledge.

Chicago

Marcus Alan S, . 2010. Teaching history with film. New York: Routledge.

Harvard

Marcus A. S., . (2010). Teaching history with film. New York: Routledge.

MLA

Marcus Alan S, . Teaching history with film. New York: Routledge. 2010.

  • Place hold
  • Print
  • Cite
  • Add to your cart (remove)
  • Save record
    BIBTEX Dublin Core MARCXML MARC (non-Unicode/MARC-8) MARC (Unicode/UTF-8) MARC (Unicode/UTF-8, Standard) MODS (XML) RIS
  • More searches
    Search for this title in:
    Other Libraries (WorldCat) Other Databases (Google Scholar) Online Stores (Bookfinder.com) Open Library (openlibrary.org)

Exporting to Dublin Core...

SOUTHVILLE LIBRARY

Southville International School and Colleges Library

1281 Tropical Ave. Cor. Luxembourg St., BF Homes International, Las Pinas City

Tel. No. 8256374 / 252358 Loc. 117/146

Powered by Koha